| 000 | 01147cam a2200325 a 4500 | ||
|---|---|---|---|
| 001 | 17351208 | ||
| 005 | 20170105102347.0 | ||
| 008 | 120618s2013 nyua b 001 0 eng c | ||
| 010 | _a 2012942254 | ||
| 020 | _a9781441999634 | ||
| 020 | _a1441999639 | ||
| 020 | _z9781441999641 (ebook) | ||
| 035 | _a(OCoLC)ocn773666018 | ||
| 040 |
_aBTCTA _beng _cBTCTA _dYDXCP _dBWX _dWAU _dDLC |
||
| 042 | _apcc | ||
| 050 | 0 | 0 |
_aTK6658 _b.A13 2013 |
| 082 | _a621.388 | ||
| 245 | 0 | 0 |
_a3D-TV system with depth-image-based rendering : architectures, techniques, and challenges _barchitectures, techniques, and challenges _cCe Zhu. |
| 260 |
_aNew York : _bSpringer, _cc2013. |
||
| 300 |
_axii, 478 p. : _bill. (some col.) ; _c24 cm. |
||
| 504 | _aIncludes bibliographical references and index. | ||
| 650 | 0 | _a3-D television. | |
| 650 | 0 |
_aImage processing _xDigital techniques. |
|
| 650 | 0 | _aThree-dimensional imaging. | |
| 700 | 1 |
_aZhu, Ce, _d1969- |
|
| 906 |
_a7 _bcbc _cpccadap _d2 _eepcn _f20 _gy-gencatlg |
||
| 942 |
_2ddc _cBK |
||
| 999 |
_c11740 _d11740 |
||